Top 5 Most Populous Cities in Each Country in South America - Statistics

General Stats
  • This quiz has been taken 412 times
    19 since last reset
  • The average score is 29 of 60
Answers on the Map
Answers color-coded by a green-red scale on the quiz's map according to % correct below.
 
Answer Stats
Country Population City % Correct
Brazil 2,891,270 Brasilia
100%
Argentina* 16,224,751 Buenos Aires
100%
Peru* 11,166,200 Lima
100%
Uruguay 1,287,452 Montevideo
100%
Ecuador 1,763,275 Quito
100%
Brazil 6,730,660 Rio de Janeiro
100%
Brazil 11,887,070 São Paulo
100%
Paraguay 462,241 Asunción
94%
Colombia 7,876,000 Bogotá
94%
Venezuela 2,087,700 Caracas
94%
Bolivia 750,225 La Paz
94%
Colombia 2,553,600 Medellín
94%
Chile* 6,160,040 Santiago
94%
Argentina* 1,705,741 Córdoba
82%
Brazil 2,578,480 Fortaleza
82%
Guyana 125,683 Georgetown
82%
Suriname 240,924 Paramaribo
82%
Colombia 1,322,900 Barranquilla
76%
Colombia 2,234,400 Cali
76%
Ecuador 2,650,288 Guayaquil
71%
Venezuela 2,262,600 Maracaibo
71%
Brazil 2,564,200 Salvador
71%
Argentina* 1,429,292 Rosario
65%
Bolivia 1,601,724 Santa Cruz
59%
Peru* 1,125,400 Arequipa
53%
Venezuela 1,585,500 Valencia
53%
Chile* 901,468 Valparaíso
53%
Colombia 931,500 Cartagena
47%
Chile* 722,929 Concepción
47%
Argentina* 1,056,983 Mendoza
47%
Peru* 1,025,100 Trujillo
47%
Paraguay 325,819 Ciudad de Este
41%
Bolivia 665,482 Cochabamba
41%
Bolivia 885,210 El Alto
41%
Chile* 352,638 Antofagasta
35%
Venezuela 1,089,100 Barquisimeto
29%
Uruguay 114,084 Salto
29%
Venezuela 893,400 Ciudad Guayana
24%
Peru* 547,100 Piura
24%
Peru* 663,200 Chiclayo
18%
Ecuador 361,524 Cuenca
18%
Chile* 401,938 La Serena
18%
Guyana 14,762 New Amsterdam
18%
Bolivia 298,257 Oruro
18%
Ecuador 334,826 Santo Domingo de los Colorados
18%
Argentina* 1,052,194 Tucuman
18%
Paraguay 236,999 Capiatá
12%
Guyana 33,183 Linden
12%
Paraguay 225,395 San Lorenzo
12%
Guyana 11,846 Anna Regina
6%
Ecuador 295,211 Durán
6%
Suriname 18,663 Lelydorp
6%
Paraguay 259,705 Luque
6%
Uruguay 84,775 Rivera
6%
Uruguay 113,252 Ciudad de la Costa
0%
Guyana 11,488 Corriverton
0%
Suriname 26,161 De Nieuwe Grond
0%
Suriname 15,656 Houttuin
0%
Suriname 27,713 Koewarasan
0%
Uruguay 102,000 Maldonado
0%
No matching quizzes found
Score Distribution
Percent of People with Each Score
Percentile by Number Answered
Your Score History
You have not taken this quiz since the last reset